| Tag |
First Indicator |
Second Indicator |
Subfields |
| LEADER |
00000nam a2200000Ia 4500 |
| 001 |
in00004297713 |
| 005 |
20200810082404.0 |
| 006 |
m g d |
| 007 |
cr bn |||a|bb| |
| 008 |
860322s1679 enk o 00| | eng d |
| 035 |
|
|
|a (OCoLC)13325768
|
| 040 |
|
|
|a EAA
|c EAA
|d OCL
|d WaOLN
|
| 037 |
|
|
|a CL0037000013
|b ProQuest Information and Learning. 300 N. Zeeb Rd., Ann Arbor, MI 48106
|
| 049 |
|
|
|a UMIA
|
| 245 |
0 |
4 |
|a The Jesuits unmasked, or, Politick observations upon the ambitious pretentions and subtle intreagues of that cunning society :
|b presented to all high powers as a seasonable discourse at this time.
|
| 260 |
|
|
|a London :
|b Printed for Henry Brome ...,
|c 1679.
|
| 300 |
|
|
|a 1 online resource ([4], 27 pages)
|
| 336 |
|
|
|a text
|b txt
|2 rdacontent
|
| 337 |
|
|
|a computer
|b c
|2 rdamedia
|
| 338 |
|
|
|a online resource
|b cr
|2 rdacarrier
|
| 500 |
|
|
|a Reproduction of original in Huntington Library.
|
| 510 |
4 |
|
|a Wing
|c J728
|
| 510 |
4 |
|
|a Arber's Term. cat.
|c I 331
|
| 533 |
|
|
|a Electronic reproduction.
|b Ann Arbor, Mich. :
|c UMI,
|d 1999-
|f (Early English books online)
|n Digital version of: (Early English books, 1641-1700 ; 459:22)
|7 s1999 miun s
|
| 610 |
2 |
0 |
|a Jesuits
|v Controversial literature.
|
| 651 |
|
0 |
|a Great Britain
|x Religion
|y 17th century
|v Sources.
|
| 740 |
0 |
|
|a Jesuits unmasked.
|
| 740 |
0 |
|
|a Politick observations upon the ambitious pretentions and subtle intreagues of that cunning society.
|
| 830 |
|
0 |
|a Early English books online.
|
| 856 |
4 |
0 |
|u http://proxy.library.tamu.edu/login?url=https://search.proquest.com/docview/2240882481
|z Connect to the full text of this electronic book
|t 0
|
| 999 |
f |
f |
|s 065f0635-8616-3ed3-aba6-b0247694f168
|i 8654f5e3-72d3-3e26-8480-f770967e1c90
|t 0
|
| 952 |
f |
f |
|a Texas A&M University
|b College Station
|c Electronic Resources
|d Available Online
|t 0
|h No information provided
|
| 998 |
f |
f |
|t 0
|l Available Online
|